000
00313nam a22001217a 4500
008
181105b xxu||||| |||| 00| 0 eng d
041
_a
eng
080
_a
616.073
100
_a
6
101
_a
rad
245
_a
The Development Rdiotion Protection In Diagnostic Radiology
_c
Bushong.S.C
942
_2
udc
_c
BK
999
_c
51881
_d
51881